Les sogo shosha : Comment les sociétés de commerce international japonaises gèrent le monde
Tallennettuna:
| Päätekijä: | |
|---|---|
| Aineistotyyppi: | Kirja |
| Kieli: | Undetermined |
| Julkaistu: |
Paris
Economica
1993
|
| Aiheet: | |
| Tagit: |
Lisää tagi
Ei tageja, Lisää ensimmäinen tagi!
|
| Thư viện lưu trữ: | Trung tâm Học liệu Trường Đại học Cần Thơ |
|---|
| LEADER | 00571nam a2200205Ia 4500 | ||
|---|---|---|---|
| 001 | CTU_97745 | ||
| 008 | 210402s9999 xx 000 0 und d | ||
| 082 | |a 338.8 | ||
| 082 | |b H114 | ||
| 100 | |a Haber, Daniel | ||
| 245 | 0 | |a Les sogo shosha : | |
| 245 | 0 | |b Comment les sociétés de commerce international japonaises gèrent le monde | |
| 245 | 0 | |c Daniel Haber | |
| 260 | |a Paris | ||
| 260 | |b Economica | ||
| 260 | |c 1993 | ||
| 650 | |a Conglomerate corporations | ||
| 650 | |z Japan | ||
| 904 | |i Giang | ||
| 980 | |a Trung tâm Học liệu Trường Đại học Cần Thơ | ||